000 00520nam a2200193Ii 4500
003 JO-AjNU
008 230606s9999||||xx |||||||||||||| ||und||
020 _a979-84-99114-6-590
040 _aJO-AjNU
_beng
_erda
_cJO-AjNU
041 _aeng
050 1 4 _aTA1632
100 3 _aREETA,
_eauthor
_96434
245 0 0 _aDigital image processing
300 _a80P
336 _atext
_btxt
_2rdacontent
337 _aunmediated
_bn
_2rdamedia
338 _avolume
_bnc
_2rdacarrier
650 4 _aDigital image processing
_96435
999 _aE3338
_c3334
_d3334